000
00364nam a2200145Ia 4500
008
231129s2001||||xx |||||||||||||| ||spa||
020
_a
958-04-6152-X
040
_b
spa
082
_a
324.73 V547c
100
_a
Veron Eliseo
245
0
_a
El cuerpo de las imagenes
260
_c
2001
264
_a
Norma
942
_2
ddc
_c
BKS
999
_c
10741
_d
10741